La Primavera de Praga /

Texto sobre la situación política y social en Praga y, en general, en Checoslovaquia, escrito por Miguel Delibes tras su visita al país a inicios de 1968 y publicado justo cuando las tropas soviéticas lo invadían. Aquí, Delibes reflexiona sobre las transformaciones que encaminaban a esta nación haci...

Celý popis

Uloženo v:
Podrobná bibliografie
Hlavní autor: Delibes, Miguel (autor)
Médium: Kniha
Jazyk:španělština
Vydáno: Madrid, España : Alianza, 1968, c1968
Edice:(El Libro de Bolsillo ; Humanidades) 143.
Témata:
Tagy: Přidat tag
Žádné tagy, Buďte první, kdo vytvoří štítek k tomuto záznamu!

MARC

LEADER 00000nam^a2200000^a^4500
001 000297108
005 20250521000000.0
009 20260310112327.968
037 |a Acervo Xavier Clavigero 
041 |a ESP 
082 |a 320. 9437042  |b DEL 
100 |a Delibes, Miguel  |e (autor) 
245 1 3 |a La Primavera de Praga /  |c M. Delibes. 
264 4 |a Madrid, España :  |b Alianza,  |c 1968, c1968 
300 |a 168 p. 
336 |a texto  |b txt  |2 rdacontenido 
337 |a sin mediación  |b n  |2 rdamedio 
338 |a volumen  |b nc  |2 rdasoporte 
440 4 |a (El Libro de Bolsillo ;  |v 143.  |p Humanidades) 
520 |a Texto sobre la situación política y social en Praga y, en general, en Checoslovaquia, escrito por Miguel Delibes tras su visita al país a inicios de 1968 y publicado justo cuando las tropas soviéticas lo invadían. Aquí, Delibes reflexiona sobre las transformaciones que encaminaban a esta nación hacia la libertad de expresión, el pluralismo, el respeto a los derechos civiles y, sobre todo, al respeto internacional de su soberanía, todos ellos, aspectos que aniquiló la intervención rusa. 
545 0 |a Miguel Delibes (1920-2010), escritor español, autor, entre otras obras, de La sombra del ciprés alargada (1948), Aún es de día (1949), El camino (1950), Mi idolatrado hijo Sisí (1953), La partida (1954), Diario de un cazador (1955), Un novelista conoce América (1956), Siestas con viento sur (1957), La hoja roja (1959), Las ratas (1962), Parada y fonda (1963), Viejas historias de Castilla la Vieja (1964); Cinco horas con Mario (1966), Parábola de un náufrago (1969), El príncipe destronado (1974), El disputado voto del señor Cayo (1978), La mortaja (1970), Con la escopeta al hombro (1971), Un año de mi vida (1972), Castilla, lo castellano y los castellanos (1979). Además del Nadal (1948), ha recibido los premios de la Crítica (1953), Príncipe de Asturias (1982), Nacional de las Letras Españolas (1992), Miguel de Cervantes (1993); desde 1974 es miembro de la Real Academia Española. Entre otros asuntos, en su obra ofrece una perspectiva irónica frente a la pequeña burguesía, a la vez que denuncia las injusticias sociales y representa los hábitos y el habla propia del mundo rural español; también es frecuente encontrar remisiones a su infancia. 
586 |a Premio Príncipe de Asturias de las Letras 1982, ex aequo 
586 |a Premio Miguel de Cervantes 1993 
649 |a XX 
650 |a Movimiento Estudiantil de 1968 
650 |a Movimientos Estudiantiles -  |z Checoslovaquia -  |x Historia -  |y 1945-1968 
650 |a Reforma Política -  |z Checoslovaquia -  |x Historia -  |y 1945-1968 
650 |a Represión -  |z Checoslovaquia -  |x Historia -  |y 1945-1968 
650 |a Resistencia Civil -  |z Checoslovaquia -  |x Historia -  |y 1945-1968 
650 |a Violencia Política -  |z Checoslovaquia -  |x Historia -  |y 1945-1968 
650 |a Checoslovaquia -  |x Condiciones Políticas 
650 |a Política -  |z Checoslovaquia -  |x Historia -  |y Intervención Ruso-Soviética, 1968 -  |x Tema Principal 
650 |a Política -  |z Checoslovaquia -  |x Historia -  |y 1945-1968 
650 |a Política -  |z Checoslovaquia -  |x Historia -  |y 1945-1992 
650 |a Política -  |z Checoslovaquia -  |x Historia -  |y 1918-1992 
650 |a Política -  |z Checoslovaquia -  |x Historia -  |y Siglo XX 
650 |a Política -  |z Rusia -  |x Historia -  |y Brezhnev, 1964-1982 
650 |a Política -  |z Rusia -  |x Historia -  |y URSS, 1922-1991 
650 |a Política -  |z Rusia -  |x Historia -  |y Siglo XX 
910 |a Fondo General 
920 |a Impresos - Libros 
930 |a Colección General 
905 |a 101 
901 |a 0500182751  |b IT1  |c ACC  |u 20250521 
902 |a https://opac.biblio.iteso.mx/vufind/Record/000297108